| 000 | 00355nam a22001217a 4500 | ||
|---|---|---|---|
| 008 | 131202b xxu||||| |||| 00| 0 eng d | ||
| 050 | _aPT2685.036.M6 | ||
| 100 |
_aWolf, Christa _94609 |
||
| 245 |
_aA Model Childhood (Virago Modern Classics) _c Christa Wolf |
||
| 260 |
_aLondon _bVirago Press _c1983 |
||
| 300 |
_a407p.; _c20cm. |
||
| 942 |
_2lcc _cMONOGRAPH |
||
| 999 |
_c118910 _d118910 |
||